00313nam a2200133Ia 4500008004100000020001800041041000800059082001600067100001100083245003300094260003300127300000900160500001000169220803s9999 xx 000 0 und d a9788190852807 aeng a720.954 JAI aJain M aArchitecture Of A Royal Camp aAhmedabadbAADI Centrec2009 a212p aARCHI